00000000nam##2200000za#4500
0019.610276
003CaOODSP
00520200327115718
007ta
008150406|1992||||xxc|||||     f|0| 0 eng|d
022 |a0706-6457
040 |aCaOODSP|beng
043 |an-cn---
0861 |aFs97-6/1893E
1101 |aCanada. |bDepartment of Fisheries and Oceans.
24510|aProceedings of the third Canadian Workshop on Harmful Marine Algae : |bMont-Joli, Quebec, 12-14 May, 1992 / |cEdited by Jean-Claude Therriault and Maurice Levasseur.
260 |aOttawa - Ontario : |bFisheries and Oceans Canada |c1992.
300 |a154p. : |bfigs., references, tables ; |c28 cm.
4901 |aCanadian technical report of fisheries and aquatic sciences|x0706-6457|v1893
500 |aPrepared in the Department of Fisheries and Oceans, Biological Oceanography Division, Maurice Lamontagne Institute, P.O. Box 1000, Mont-Joli (Quebec).
546 |aRésumés en français.) (Résumés des présentations en anglais ou en français
563 |aSoftcover
69007|aAquatic plants|2gcpds
7201 |aTherriault, Jean-Claude
7201 |aLevasseur, Maurice
7760#|tProceedings of the Third Canadian Workshop on Harmful Marine Algae : |w(CaOODSP)9.573822
830#0|aCanadian technical report of fisheries and aquatic sciences,|x0706-6457|v1893|w(CaOODSP)9.514691